[Event "GER Pfingstopen U12"]
[Site "Playchess.com INT"]
[Date "2020.06.02"]
[Round "11"]
[White "Grozea, Nicolae Theodor"]
[Black "Trenkner, Elias"]
[Result "1-0"]
[WhiteElo "1519"]
[BlackElo "1620"]
[PlyCount "139"]
[EventDate "2020.06.02"]
[EventType "swiss (blitz)"]
[EventRounds "11"]
[EventCountry "GER"]
[SourceTitle "CBM 197 Extra"]
[Source "ChessBase"]
[SourceDate "2020.09.30"]
[SourceVersion "1"]
[SourceVersionDate "2020.09.30"]
[SourceQuality "1"]

1. e4 e5 2. Nf3 Nf6 3. Nc3 Nc6 4. Bb5 d6 5. d3 Bg4 6. h3 Bh5 7. Nd5 Be7 8. Be3 0-0 9. g4 Bg6 10. Nh4 Nxd5 11. Nxg6 Nxe3 12. Nxe7+ Qxe7 13. fxe3 Qd7 14. Qf3 a6 15. Bxc6 Qxc6 16. 0-0-0 Qa4 17. Kb1 Qc6 18. h4 Qd7 19. g5 Qe6 20. Qf5 Qe7 21. Rdg1 g6 22. Qf6 Qxf6 23. gxf6 Rfe8 24. h5 Kf8 25. hxg6 fxg6 26. Rxh7 Re6 27. Rxg6 Rae8 28. Rhg7 Rd8 29. Rg8+ Kf7 30. R6g7+ Kxf6 31. Rg6+ Kf7 32. R8g7+ Kf8 33. Rg8+ Kf7 34. Rxd8 Rxg6 35. b3 Rg3 36. Rd7+ Ke8 37. Rxc7 Rxe3 38. Rxb7 Re2 39. Ra7 Re1+ 40. Kb2 Re2 41. Rxa6 Kd7 42. a4 Kc7 43. b4 Kb7 44. b5 Rf2 45. Rxd6 Rf8 46. a5 Ra8 47. Rd7+ Kc8 48. Rd5 Rxa5 49. Rxe5 Kd7 50. c4 Ra8 51. d4 Rc8 52. c5 Kd8 53. Kc3 Rb8 54. Kc4 Kd7 55. c6+ Kc7 56. Re7+ Kd6 57. Rb7 Re8 58. e5+ Rxe5 59. dxe5+ Kxe5 60. Kc5 Ke6 61. c7 Kd7 62. b6 Kc8 63. Rb8+ Kd7 64. Rd8+ Ke7 65. c8Q Kf7 66. Qd7+ Kf6 67. Qd6+ Kf7 68. Rf8+ Kg7 69. Qf6+ Kh7 70. Rh8# 1-0

[Event "GER Pfingstopen U12"]
[Site "Playchess.com INT"]
[Date "2020.06.02"]
[Round "10"]
[White "Mueller, Maximilian3333"]
[Black "Trenkner, Elias"]
[Result "1-0"]
[WhiteElo "1537"]
[BlackElo "1620"]
[PlyCount "51"]
[EventDate "2020.06.02"]
[EventType "swiss (blitz)"]
[EventRounds "11"]
[EventCountry "GER"]
[SourceTitle "CBM 197 Extra"]
[Source "ChessBase"]
[SourceDate "2020.09.30"]
[SourceVersion "1"]
[SourceVersionDate "2020.09.30"]
[SourceQuality "1"]

1. e3 e5 2. d4 exd4 3. exd4 d5 4. Bd3 Nc6 5. Ne2 Nf6 6. c3 Bg4 7. f3 Be6 8. Be3 Bd6 9. Nd2 0-0 10. Qc2 Qd7 11. 0-0-0 h6 12. g4 Rfd8 13. h4 h5 14. gxh5 Nxh5 15. Rdg1 Nf6 16. f4 Nh5 17. f5 Bxf5 18. Bxf5 Qe7 19. Qd3 g6 20. Bxg6 fxg6 21. Rxg6+ Kf8 22. Rhg1 Ke8 23. Qf5 Qxh4 24. Bg5 Qh2 25. Rg8+ Bf8 26. Rxf8# 1-0

[Event "GER Pfingstopen U12"]
[Site "Playchess.com INT"]
[Date "2020.06.02"]
[Round "1"]
[White "Trenkner, Elias"]
[Black "Lang Pacheco, Nando"]
[Result "0-1"]
[WhiteElo "1620"]
[BlackElo "1172"]
[PlyCount "48"]
[EventDate "2020.06.02"]
[EventType "swiss (blitz)"]
[EventRounds "11"]
[EventCountry "GER"]
[SourceTitle "CBM 197 Extra"]
[Source "ChessBase"]
[SourceDate "2020.09.30"]
[SourceVersion "1"]
[SourceVersionDate "2020.09.30"]
[SourceQuality "1"]

1. e4 e5 2. Nf3 Nc6 3. Nc3 Bb4 4. d3 Bxc3+ 5. bxc3 d6 6. Bg5 Nf6 7. Be2 Bg4 8. h3 Bxf3 9. 0-0 Bxe2 10. Qxe2 h6 11. Bh4 g5 12. Bg3 Qe7 13. Rab1 0-0-0 14. d4 exd4 15. Qb5 Kd7 16. Qf5+ Qe6 17. Qb5 a6 18. Qxb7 dxc3 19. Rfe1 Rb8 20. Qxa6 Rxb1 21. Rxb1 Qxe4 22. Qb7 Rb8 23. Qxc6+ Kxc6 24. Rxb8 Qe1+ 0-1

[Event "GER Pfingstopen U12"]
[Site "Playchess.com INT"]
[Date "2020.06.02"]
[Round "5"]
[White "Trenkner, Elias"]
[Black "Schreidl, Michael"]
[Result "0-1"]
[WhiteElo "1620"]
[BlackElo "1490"]
[PlyCount "150"]
[EventDate "2020.06.02"]
[EventType "swiss (blitz)"]
[EventRounds "11"]
[EventCountry "GER"]
[SourceTitle "CBM 197 Extra"]
[Source "ChessBase"]
[SourceDate "2020.09.30"]
[SourceVersion "1"]
[SourceVersionDate "2020.09.30"]
[SourceQuality "1"]

1. e4 e5 2. Nf3 Nc6 3. Nc3 Nf6 4. Bb5 d5 5. exd5 Nxd5 6. 0-0 Nxc3 7. bxc3 Bd6 8. Re1 a6 9. Ba4 f6 10. d3 Be6 11. Bxc6+ bxc6 12. d4 0-0 13. dxe5 fxe5 14. Nxe5 Qf6 15. Nf3 Bg4 16. Qd3 Bxf3 17. gxf3 Qxf3 18. Qxf3 Rxf3 19. Bg5 Raf8 20. Rf1 Rh3 21. Rfe1 Rxh2 22. f4 Rxc2 23. Re3 Bxf4 24. Bxf4 Rxf4 25. Re7 Rxc3 26. Rxc7 Rf8 27. Re1 Rg3+ 28. Kh2 Rgf3 29. Ree7 R3f7 30. Rxf7 Rxf7 31. Rxc6 Rf2+ 32. Kg3 Rxa2 33. Rc8+ Kf7 34. Rc7+ Kg6 35. Rc6+ Kf5 36. Rc5+ Ke6 37. Rc7 Ra3+ 38. Kf4 Ra4+ 39. Ke3 Kf6 40. Rc6+ Kg5 41. Rc5+ Kh6 42. Rc6+ g6 43. Rc2 Kg5 44. Rg2+ Kf6 45. Rh2 h5 46. Rf2+ Ke5 47. Rb2 Ra3+ 48. Kd2 g5 49. Rc2 Kd4 50. Rb2 Rd3+ 51. Ke2 Re3+ 52. Kf2 Rh3 53. Rb4+ Kc3 54. Ra4 g4 55. Rxa6 Kd3 56. Rg6 Ke4 57. Kg2 Rf3 58. Rg5 Kf4 59. Rxh5 Ra3 60. Rb5 Ra2+ 61. Kf1 Kg3 62. Rb3+ Kf4 63. Rb4+ Kg5 64. Rb5+ Kh4 65. Rb3 g3 66. Rb4+ Kh3 67. Rb3 Kh2 68. Rxg3 Kxg3 69. Ke1 Kf3 70. Kd1 Rh2 71. Ke1 Ke3 72. Kf1 Rb2 73. Kg1 Kf3 74. Kh1 Kg3 75. Kg1 Rb1# 0-1